[Event "Titled Tue 10th Jun Early"]
[Site "chess.com INT"]
[Date "2025.06.10"]
[Round "8"]
[White "Klys, Kacper"]
[Black "Iljin, Timofey"]
[Result "0-1"]
[BlackTitle "IM"]
[WhiteElo "2218"]
[BlackElo "2242"]
[WhiteFideId "21005281"]
[BlackFideId "14110180"]
[EventDate "2025.06.10"]

1. e4 e6 2. d4 d5 3. Nd2 h6 4. Ngf3 Nf6 5. e5 Nfd7 6. Bd3 c5 7. c3 Nc6 8. h4 Qc7
9. O-O b6 10. Re1 Bb7 11. a3 O-O-O 12. b4 c4 13. Bc2 Be7 14. Nf1 g5 15. hxg5
hxg5 16. Bxg5 Rdg8 17. Bxe7 Nxe7 18. Ng3 Kb8 19. Qd2 Bc8 20. a4 f5 21. exf6 Nxf6
22. Ne5 Ng4 23. Qe2 Nf6 24. a5 Nf5 25. Bxf5 exf5 26. axb6 axb6 27. Qa2 Bb7 28.
Nxf5 Ng4 29. Qa7+ Kc8 30. Nf3 Nh2 31. Ne5 Ng4 32. Nf3 Rh7 33. Re6 Rgh8 34. Kf1
Nh2+ 35. Nxh2 Rxh2 36. Nd6+ Kd7 37. Rg6 Re8 38. Rg7+ Kxd6 0-1

[Event "Titled Tue 10th Jun Early"]
[Site "chess.com INT"]
[Date "2025.06.10"]
[Round "8"]
[White "Mikhalsky, Vladimir"]
[Black "Osinovsky, Stepan"]
[Result "0-1"]
[BlackTitle "FM"]
[WhiteElo "2219"]
[BlackElo "2240"]
[WhiteFideId "14144352"]
[BlackFideId "4157354"]
[EventDate "2025.06.10"]

1. d4 Nf6 2. c4 g6 3. f3 Bg7 4. e4 O-O 5. Nc3 d6 6. Be3 c5 7. Nge2 Nc6 8. d5 Ne5
9. Ng3 h5 10. Be2 h4 11. Nf1 e6 12. Nd2 a6 13. a4 exd5 14. cxd5 h3 15. g4 Re8
16. O-O Qc7 17. g5 Nh7 18. f4 Nd7 19. Bg4 c4 20. Bxh3 Nc5 21. Bxc8 Raxc8 22. e5
dxe5 23. f5 Nd3 24. Nde4 Nxb2 25. Qg4 Rcd8 26. h4 Nd3 27. h5 Nf4 28. hxg6 fxg6
29. d6 gxf5 30. dxc7 fxg4 31. cxd8=Q Rxd8 32. Rad1 Nd3 33. Kg2 Nf8 34. Kg3 b5
35. axb5 axb5 36. Nxb5 Rb8 37. Ned6 e4 38. Kxg4 Be5 39. Ba7 Ra8 40. Bd4 Nd7 41.
Bxe5 N7xe5+ 42. Kf5 e3 43. Nxc4 Rf8+ 44. Ke6 Rxf1 45. Rxf1 e2 46. Re1 Nxe1 47.
Nxe5 Ng2 48. Nd3 Nf4+ 49. Kf5 Nxd3 50. Nd4 e1=Q 0-1

[Event "Titled Tue 10th Jun Early"]
[Site "chess.com INT"]
[Date "2025.06.10"]
[Round "8"]
[White "Huseynova, Lala"]
[Black "Omariev, Maksim"]
[Result "0-1"]
[WhiteTitle "WFM"]
[BlackTitle "FM"]
[WhiteElo "2045"]
[BlackElo "2304"]
[WhiteFideId "13431781"]
[BlackFideId "4193423"]
[EventDate "2025.06.10"]

1. e4 c5 2. Nf3 d6 3. d4 cxd4 4. Nxd4 Nf6 5. Nc3 a6 6. Be3 Ng4 7. Bg5 h6 8. Bh4
g5 9. Bg3 Bg7 10. Qd2 Nc6 11. Nb3 Be6 12. Be2 Rc8 13. h4 gxh4 14. Rxh4 h5 15. f3
Nge5 16. f4 Ng6 17. Rxh5 Rxh5 18. Bxh5 Na5 19. f5 Nc4 20. Qf2 Nxb2 21. Nd1 Nxd1
22. Rxd1 Bc3+ 23. Kf1 Bc4+ 24. Kg1 Ne5 25. Nd4 Qb6 26. Bxe5 dxe5 27. Nf3 Qxf2+
28. Kxf2 Bxa2 29. g4 Kf8 30. g5 Kg7 31. Rd7 b5 32. Rxe7 Bb4 33. Rxe5 Rxc2+ 34.
Kg3 Bd6 35. f6+ Kf8 36. Kf4 Rf2 37. Ke3 Rxf3+ 38. Kxf3 Bxe5 39. Ke3 Bc4 40. Bd1
a5 41. Kd2 a4 42. Kc1 a3 43. Kb1 a2+ 0-1

[Event "Titled Tue 10th Jun Early"]
[Site "chess.com INT"]
[Date "2025.06.10"]
[Round "8"]
[White "Dumanuly, Sultanbeibarys"]
[Black "Sturt, Raven"]
[Result "0-1"]
[WhiteTitle "FM"]
[BlackTitle "GM"]
[WhiteElo "2212"]
[BlackElo "2459"]
[WhiteFideId "13731963"]
[BlackFideId "2007304"]
[EventDate "2025.06.10"]

1. e4 e5 2. Nf3 Nc6 3. Bb5 Nd4 4. Nxd4 exd4 5. O-O c6 6. Bc4 Nf6 7. d3 a5 8. a4
d5 9. exd5 Nxd5 10. Qf3 Be6 11. Re1 Be7 12. Nd2 O-O 13. Ne4 h6 14. h3 Qd7 15.
Bd2 b5 16. Bb3 bxa4 17. Bxa4 Nb4 18. Bxb4 axb4 19. Bxc6 Rxa1 20. Rxa1 Qc7 21.
Ba4 Qa7 22. Qd1 Ra8 23. Nd2 Bd7 24. b3 Be6 25. Nc4 Qc5 26. Qe2 Ra6 27. Re1 Bf6
28. Qe4 Ra7 29. Qf4 Ra8 30. Kh2 Rd8 31. Qe4 Rd5 32. f4 Rh5 33. Qf3 Rd5 34. Re2
h5 35. Qe4 h4 36. Qf3 Rf5 37. Bc6 Bg5 38. Be4 Rxf4 39. Qh5 Rxe4 40. Kh1 Bg4 0-1

[Event "Titled Tue 10th Jun Early"]
[Site "chess.com INT"]
[Date "2025.06.10"]
[Round "8"]
[White "Ghoreishi Amiri, Seyed Kian"]
[Black "Yonal, Timur"]
[Result "1-0"]
[WhiteTitle "CM"]
[BlackTitle "FM"]
[WhiteElo "2216"]
[BlackElo "2170"]
[WhiteFideId "36757527"]
[BlackFideId "44115725"]
[EventDate "2025.06.10"]

1. Nf3 Nf6 2. g3 g6 3. Bg2 Bg7 4. O-O O-O 5. a4 a5 6. Ra3 Ra6 7. d4 d5 8. Rb3
Bf5 9. Nc3 Nc6 10. Rxb7 Nb4 11. Ne1 Qc8 12. Rb5 c6 13. e4 dxe4 14. Re5 Nd7 15.
Rxe7 Bf6 16. Rxe4 Bxe4 17. Nxe4 Bg7 18. c3 Nd5 19. Nd3 Qc7 20. Nec5 Nxc5 21.
Nxc5 Raa8 22. h4 Rfe8 23. h5 Qe7 24. h6 Bh8 25. Qg4 f5 26. Qd1 Bf6 27. Qb3 Qf7
28. Qd1 Rab8 29. c4 Nb4 30. d5 cxd5 31. cxd5 Red8 32. d6 Be5 33. d7 Qe7 34. Be3
Bd6 35. Qb3+ Qf7 36. Qc3 Bxc5 37. Bxc5 Rxd7 38. Re1 Rbd8 39. Bxb4 axb4 40. Qxb4
Rd1 41. Kh2 Rxe1 42. Qxe1 Qe8 43. Bd5+ Kf8 44. Qc3 Rd7 45. Qh8+ Ke7 46. Qxe8+
Kxe8 47. Bc6 1-0

[Event "Titled Tue 10th Jun Early"]
[Site "chess.com INT"]
[Date "2025.06.10"]
[Round "8"]
[White "Papaioannou, Dimitrios"]
[Black "Bukreev, Stanislav"]
[Result "0-1"]
[WhiteTitle "CM"]
[BlackTitle "FM"]
[WhiteElo "2206"]
[BlackElo "2305"]
[WhiteFideId "25865137"]
[BlackFideId "34252347"]
[EventDate "2025.06.10"]

1. Nf3 Nf6 2. c4 e6 3. g3 d5 4. d4 Bb4+ 5. Nbd2 O-O 6. Bg2 b6 7. O-O Bb7 8. Ne5
Nbd7 9. Qa4 Bxd2 10. Bxd2 Nxe5 11. dxe5 Nd7 12. cxd5 exd5 13. Bc3 Re8 14. f4 Nc5
15. Qd4 Qd7 16. Rad1 Rad8 17. f5 Qb5 18. e6 f6 19. Qg4 Kh8 20. Qh5 Na4 21. Rd4
Nxc3 22. bxc3 Re7 23. Kh1 Qb2 24. Rh4 h6 25. Qf3 c5 26. Qf4 Qxc3 27. Bf3 Kh7 28.
Bh5 d4+ 29. Kg1 Qe3+ 30. Qxe3 dxe3 31. Bg6+ Kh8 32. Rc4 Rd2 33. Re1 Rxa2 34. Rc3
Rd2 35. Rxe3 Kg8 36. Rd3 Rxd3 37. exd3 Kf8 38. Kf2 Rc7 39. Ke3 Ke7 40. Rb1 Bd5
41. g4 Kd6 42. h4 Rb7 43. d4 c4 44. Bf7 b5 45. g5 hxg5 46. hxg5 b4 47. gxf6 gxf6 0-1

[Event "Titled Tue 10th Jun Early"]
[Site "chess.com INT"]
[Date "2025.06.10"]
[Round "8"]
[White "Navoyan, Gagik"]
[Black "Ser, Daniel"]
[Result "0-1"]
[WhiteTitle "CM"]
[BlackTitle "CM"]
[WhiteElo "2186"]
[BlackElo "2005"]
[WhiteFideId "13314866"]
[BlackFideId "12829404"]
[EventDate "2025.06.10"]

1. e4 d6 2. d4 Nf6 3. Nc3 e5 4. Nge2 Be7 5. h3 O-O 6. Be3 c6 7. Qd2 Qc7 8. g4 b5
9. a3 a5 10. Bg2 Ba6 11. b4 axb4 12. axb4 Nbd7 13. d5 c5 14. O-O Nb6 15. Rfb1
Nc4 16. Qc1 Nxe3 17. Qxe3 Nd7 18. bxc5 Nxc5 19. Nxb5 Bxb5 20. Rxa8 Rxa8 21. Rxb5
Ra1+ 22. Kh2 h6 23. Qc3 Qa7 24. Ng3 Bg5 25. Rxc5 dxc5 26. Qxe5 g6 27. f4 Bh4 28.
Qe8+ Kg7 29. Qe5+ Kh7 30. f5 c4 31. Ne2 Re1 32. fxg6+ fxg6 33. Qd4 Qc7+ 34. d6
Qf7 35. Qe3 Bg5 36. Qf3 Qe6 37. Ng3 Qxd6 38. Qf7+ Kh8 39. Qe8+ Kg7 40. Qa8 Bf4
41. Qb7+ Kf6 42. e5+ Bxe5 43. Qf3+ Kg7 44. Qb7+ Qc7 45. Qf3 Bxg3+ 46. Qxg3 Qxg3+
47. Kxg3 Re2 48. c3 Re3+ 49. Kf4 Rxc3 50. h4 Rc1 51. Be4 c3 52. Ke3 Re1+ 0-1

[Event "Titled Tue 10th Jun Early"]
[Site "chess.com INT"]
[Date "2025.06.10"]
[Round "8"]
[White "Slovineanu, Viacheslav"]
[Black "Ugarte Soto, Cesar"]
[Result "1-0"]
[WhiteTitle "IM"]
[BlackTitle "CM"]
[WhiteElo "2412"]
[BlackElo "2088"]
[WhiteFideId "13900510"]
[BlackFideId "3601331"]
[EventDate "2025.06.10"]

1. d4 d5 2. Nf3 e6 3. c4 Nf6 4. e3 Nbd7 5. b3 Bb4+ 6. Nbd2 O-O 7. Bd3 c5 8. O-O
Bc3 9. Rb1 cxd4 10. exd4 b6 11. a3 a5 12. Qc2 Bxd2 13. Bxd2 a4 14. bxa4 dxc4 15.
Bxc4 Bb7 16. Ne5 Qc7 17. Bd3 Qxc2 18. Bxc2 Rfc8 19. Bd3 Rxa4 20. Nxd7 Nxd7 21.
Bb5 Rxd4 22. Be3 Rd5 23. Bxd7 Rxd7 24. Rxb6 Be4 25. f3 Bd5 26. Ra1 h5 27. a4 Ra8
28. a5 Rda7 29. Rb8+ Rxb8 30. Bxa7 Rc8 31. a6 h4 32. h3 Kh7 33. Be3 Kg6 34. a7
Ra8 35. Bf4 f6 36. Bb8 Kf5 37. Kf2 g5 38. Ra4 Bc6 39. Rc4 Bd5 40. Rb4 Bc6 41.
Ke3 Bd5 42. Kf2 Bc6 43. g3 hxg3+ 44. Kxg3 Bd5 45. f4 gxf4+ 46. Rxf4+ Kg5 47. h4+
Kg6 48. Rg4+ Kf5 49. h5 e5 50. h6 1-0

[Event "Titled Tue 10th Jun Early"]
[Site "chess.com INT"]
[Date "2025.06.10"]
[Round "8"]
[White "Hernandez Jimenez, Alexander Andres"]
[Black "Murthy, Pappu"]
[Result "0-1"]
[WhiteTitle "FM"]
[WhiteElo "2069"]
[BlackElo "1838"]
[WhiteFideId "3900452"]
[BlackFideId "2013401"]
[EventDate "2025.06.10"]

1. e4 e5 2. Nf3 Nc6 3. Bc4 Nf6 4. d3 Bc5 5. c3 a6 6. O-O d6 7. Nbd2 Ba7 8. Re1
Ng4 9. Re2 f5 10. h3 Nf6 11. Nf1 Qe7 12. d4 f4 13. N1h2 Bd7 14. d5 Nd8 15. b4
Nf7 16. Re1 g5 17. Nd2 h5 18. Be2 O-O-O 19. c4 Rdg8 20. c5 g4 21. h4 dxc5 22. b5
g3 23. fxg3 Rxg3 24. Ndf1 Nxe4 25. Nxg3 fxg3 26. Nf1 Qxh4 27. Be3 Nf2 28. Nxg3
Nxd1 29. Raxd1 Qxg3 30. Bf2 Qg6 31. bxa6 Rg8 32. axb7+ Kxb7 33. Bf3 Kc8 34. d6
Nxd6 35. Rxe5 Bb6 36. Re7 Re8 37. Rde1 Rxe7 38. Rxe7 Kd8 39. Bh4 Kc8 40. Re1 c4+
41. Kh1 Nf5 0-1

[Event "Titled Tue 10th Jun Early"]
[Site "chess.com INT"]
[Date "2025.06.10"]
[Round "8"]
[White "Andrejevs, Arvids"]
[Black "Asish Panda"]
[Result "1-0"]
[WhiteTitle "CM"]
[WhiteElo "2165"]
[BlackElo "1911"]
[WhiteFideId "11602708"]
[BlackFideId "45012458"]
[EventDate "2025.06.10"]

1. Nf3 d5 2. g3 Nf6 3. Bg2 e6 4. O-O Be7 5. d4 O-O 6. c4 Ne4 7. cxd5 exd5 8. Nc3
f5 9. Qb3 c6 10. Bf4 Bf6 11. Be5 Nd7 12. Bxf6 Ndxf6 13. Rad1 Re8 14. Ne5 Qb6 15.
Qxb6 axb6 16. Nxe4 fxe4 17. a3 c5 18. e3 Ra4 19. f3 cxd4 20. exd4 Bf5 21. fxe4
Bxe4 22. Bxe4 dxe4 23. Rfe1 Rd8 24. d5 Ra5 25. Nc4 Raxd5 26. Rxd5 Rxd5 27. Nxb6
Rd2 28. Nc4 Rc2 29. Nd6 Rxb2 30. Nxe4 Ng4 31. Nd6 h5 32. Re8+ Kh7 33. Re7 Nxh2
34. Rxb7 Nf3+ 35. Kf1 Ra2 36. Nc4 Rc2 37. Ne3 Ra2 38. Nf5 Kg6 39. Nxg7 Kg5 40.
Rb5+ Kg4 41. Rb4+ Kxg3 42. Nf5+ Kh3 43. Rf4 Nh2+ 44. Kg1 Ng4 45. Rf3# 1-0

[Event "Titled Tue 10th Jun Early"]
[Site "chess.com INT"]
[Date "2025.06.10"]
[Round "8"]
[White "Sindarov, Islombek"]
[Black "Napoli, Nicolo"]
[Result "1-0"]
[WhiteTitle "CM"]
[BlackTitle "FM"]
[WhiteElo "2129"]
[BlackElo "2264"]
[WhiteFideId "14205475"]
[BlackFideId "813702"]
[EventDate "2025.06.10"]

1. e4 c5 2. Nc3 Nc6 3. g3 g6 4. Bg2 Bg7 5. Nge2 e5 6. O-O Nge7 7. d3 O-O 8. Be3
d6 9. Qd2 Nd4 10. Nc1 a6 11. Nd1 f5 12. c3 Ne6 13. Bh6 f4 14. Bxg7 Kxg7 15. Nb3
Ng5 16. d4 Nc6 17. h4 Nh3+ 18. Kh2 cxd4 19. Bxh3 Bxh3 20. Kxh3 fxg3 21. Kxg3 Rf4
22. Rh1 Qd7 23. f3 Raf8 24. Rf1 Qe7 25. Qh2 g5 26. Nf2 Rxh4 27. Qg2 Qf6 28. Nd3
dxc3 29. bxc3 h5 30. Rh1 Rxh1 31. Rxh1 Kg6 32. c4 Na5 33. c5 Nc4 34. cxd6 Nxd6
35. Qe2 Nc4 36. Kg2 h4 37. Nf2 b5 38. Ng4 Qb6 39. Qf2 Qxf2+ 40. Kxf2 Kh5 41. Ke2
Rd8 42. Rd1 Rxd1 43. Kxd1 h3 44. Ke2 Kh4 45. Kf2 a5 46. Nc5 a4 47. Nd3 h2 48.
Nxh2 a3 49. Ng4 1-0

[Event "Titled Tue 10th Jun Early"]
[Site "chess.com INT"]
[Date "2025.06.10"]
[Round "8"]
[White "Shymanskyi, Oleksandr"]
[Black "Palczert, Matyas"]
[Result "0-1"]
[WhiteTitle "FM"]
[BlackTitle "FM"]
[WhiteElo "2218"]
[BlackElo "2396"]
[WhiteFideId "14168880"]
[BlackFideId "784958"]
[EventDate "2025.06.10"]

1. e4 e5 2. Bc4 Nf6 3. d4 exd4 4. Nf3 Nc6 5. O-O Nxe4 6. Re1 d5 7. Bxd5 Qxd5 8.
Nc3 Qd8 9. Nxe4 Be7 10. Bg5 O-O 11. Bxe7 Qxe7 12. Nxd4 Nxd4 13. Qxd4 Rd8 14. Ng3
Rxd4 15. Rxe7 Bd7 16. c3 Rd5 17. Ree1 Be6 18. c4 Rd2 19. b3 Rad8 20. Ne4 R2d4
21. Nc5 Bc8 22. Na4 Kf8 23. Nc3 c6 24. Rad1 Rd3 25. f3 Bf5 26. Kf2 R8d7 27. Rxd3
Rxd3 28. Na4 b6 29. Re2 Rd1 30. Nb2 Ra1 31. Na4 h5 32. Rd2 Ke7 33. Nc3 Rc1 34.
Ne2 Rc2 35. Rxc2 Bxc2 36. Nd4 Bb1 37. Nxc6+ Kd6 38. Nb4 a5 39. Nd5 Bxa2 40. Ke3
Bxb3 41. Nxb6 Kc5 42. Nd7+ Kxc4 43. Ne5+ Kc3 44. Nd3 a4 45. Nc1 a3 46. Ne2+ Kb2 0-1

[Event "Titled Tue 10th Jun Early"]
[Site "chess.com INT"]
[Date "2025.06.10"]
[Round "8"]
[White "Lai, Duc Minh"]
[Black "Myagmarsuren, Evsuld"]
[Result "0-1"]
[BlackTitle "FM"]
[WhiteElo "2072"]
[BlackElo "2292"]
[WhiteFideId "12420387"]
[BlackFideId "1551639"]
[EventDate "2025.06.10"]

1. e4 d5 2. exd5 Qxd5 3. Nf3 c6 4. d4 Bf5 5. Be2 Nf6 6. O-O e6 7. c4 Qd8 8. Nh4
Bg6 9. Nc3 Nbd7 10. Nxg6 hxg6 11. Be3 Bd6 12. h3 O-O 13. Bf3 e5 14. Qb3 exd4 15.
Bxd4 Qc7 16. Rad1 Nc5 17. Qc2 Ne6 18. Be3 Rad8 19. Ne2 Bc5 20. Bc1 Nd4 21. Nxd4
Bxd4 22. b3 Rfe8 23. Kh1 Qb6 24. g3 a5 25. Kg2 a4 26. bxa4 Qc5 27. Qb3 Ne4 28.
Ba3 Qf5 29. Qxb7 Nxf2 30. Rxd4 Qxh3+ 31. Kxf2 Rxd4 32. Qb2 Qh2+ 33. Bg2 Rde4 34.
Kf3 Re3+ 35. Kf4 Qh6+ 36. Kg4 Qh5+ 37. Kf4 Qf5# 0-1

[Event "Titled Tue 10th Jun Early"]
[Site "chess.com INT"]
[Date "2025.06.10"]
[Round "8"]
[White "Tabatabaei, M. Amin"]
[Black "Samunenkov, Ihor"]
[Result "1/2-1/2"]
[WhiteTitle "GM"]
[BlackTitle "GM"]
[WhiteElo "2655"]
[BlackElo "2562"]
[WhiteFideId "12521213"]
[BlackFideId "14187086"]
[EventDate "2025.06.10"]

1. e4 c6 2. d4 d5 3. Nd2 dxe4 4. Nxe4 Bf5 5. Ng3 Bg6 6. h4 h6 7. Nf3 e6 8. h5
Bh7 9. Bd3 Bxd3 10. Qxd3 Nf6 11. Bd2 c5 12. O-O-O Nc6 13. Bc3 Qd5 14. dxc5 Qxd3
15. Rxd3 Bxc5 16. Bxf6 gxf6 17. Ne4 Be7 18. Rhd1 Rd8 19. Rxd8+ Nxd8 20. g3 f5
21. Nd6+ Bxd6 22. Rxd6 Ke7 23. Rd3 Nc6 24. Kd2 Rc8 25. a3 e5 26. Rd5 Ke6 27. c4
f6 28. Kc3 a6 29. b4 Ne7 30. Rd1 b5 31. c5 Nd5+ 32. Kb3 a5 33. Nh4 a4+ 34. Kb2
Rd8 35. Rd3 Rd7 36. Ng6 Rd8 37. Kc1 Re8 38. Kd2 Rd8 39. Ke1 Re8 40. Nh4 Rd8 41.
Ng6 Re8 42. f3 Rd8 43. Kf2 e4 44. Rd4 e3+ 45. Ke2 Nc3+ 46. Kxe3 Nd1+ 47. Kd3
Nf2+ 48. Kc3 Nd1+ 49. Kd3 Nf2+ 50. Kc3 Nd1+ 51. Kd3 1/2-1/2

[Event "Titled Tue 10th Jun Early"]
[Site "chess.com INT"]
[Date "2025.06.10"]
[Round "8"]
[White "Hossain, Enamul"]
[Black "Coro, Lucas"]
[Result "0-1"]
[WhiteTitle "GM"]
[BlackTitle "IM"]
[WhiteElo "2347"]
[BlackElo "2438"]
[WhiteFideId "10200649"]
[BlackFideId "147222"]
[EventDate "2025.06.10"]

1. d4 Nf6 2. c4 g6 3. Nc3 Bg7 4. e4 d6 5. Be2 O-O 6. Bg5 c5 7. d5 h6 8. Be3 e6
9. Qd2 exd5 10. cxd5 Re8 11. f3 h5 12. Bb5 Nbd7 13. Nh3 a6 14. Be2 b5 15. Ng5 b4
16. Nd1 Nh7 17. Rc1 Ne5 18. O-O a5 19. Kh1 a4 20. h3 a3 21. b3 Ba6 22. Bxa6 Rxa6
23. Nxh7 Kxh7 24. Bg5 Qb8 25. Ne3 Qb5 26. Rfd1 Ra7 27. Qc2 f6 28. Bh4 Rae7 29.
f4 Nf7 30. e5 dxe5 31. d6 Rd7 32. fxe5 Rxe5 33. Nc4 Re6 34. Rd5 Qb8 35. Rxh5+
Kg8 36. Qxg6 Qe8 37. Rh7 Ne5 38. Qxe8+ Rxe8 39. Nxe5 Rxe5 40. Rxg7+ Kxg7 41. Bg3
Rd5 42. Kh2 Kf7 43. Re1 Rd2 44. Rc1 Rxa2 45. Rxc5 Rb2 46. Ra5 Rxb3 47. h4 Rxg3
48. Kxg3 Rxd6 49. Kf4 Rb6 50. Kf5 b3 51. Ra7+ Ke8 0-1

[Event "Titled Tue 10th Jun Early"]
[Site "chess.com INT"]
[Date "2025.06.10"]
[Round "8"]
[White "Tahmasebi, Hamidreza"]
[Black "Galchenko, Matvey"]
[Result "0-1"]
[WhiteTitle "FM"]
[BlackTitle "IM"]
[WhiteElo "2298"]
[BlackElo "2435"]
[WhiteFideId "12537527"]
[BlackFideId "24175480"]
[EventDate "2025.06.10"]

1. e4 e6 2. d4 d5 3. Nc3 Bb4 4. e5 Ne7 5. a3 Bxc3+ 6. bxc3 c5 7. Qg4 cxd4 8.
Qxg7 Rg8 9. Qxh7 Qc7 10. Ne2 Nbc6 11. f4 Bd7 12. Qd3 dxc3 13. Nxc3 a6 14. g3 Na5
15. Be3 Rc8 16. Bd2 Nc4 17. Bg2 Qc5 18. Ne2 Nxd2 19. Qxd2 Nf5 20. Bh3 Ne3 21. c3
Rh8 22. Bf1 Nf5 23. Bg2 Ne3 24. Bf3 Nc4 25. Qd4 Qa5 26. O-O Nb2 27. f5 Rc4 28.
Qe3 Qc5 29. Qxc5 Rxc5 30. fxe6 fxe6 31. Bg4 Nc4 32. Nf4 Ne3 33. Bxe6 Nxf1 34.
Bxd7+ Kxd7 35. Rxf1 Rxc3 36. Nxd5 Rxa3 37. Re1 Ra2 38. e6+ Kd6 39. e7 Re8 40.
Rd1 Kc5 41. g4 Re2 0-1

[Event "Titled Tue 10th Jun Early"]
[Site "chess.com INT"]
[Date "2025.06.10"]
[Round "8"]
[White "Zeliantsova, Kseniya"]
[Black "Simonovic, Miroslav"]
[Result "1-0"]
[WhiteTitle "WFM"]
[BlackTitle "CM"]
[WhiteElo "2062"]
[BlackElo "2092"]
[WhiteFideId "13512617"]
[BlackFideId "919152"]
[EventDate "2025.06.10"]

1. e4 c5 2. Nf3 Nc6 3. Bb5 g6 4. O-O Bg7 5. c3 e5 6. d3 Nge7 7. Be3 b6 8. d4
exd4 9. cxd4 cxd4 10. Nxd4 O-O 11. Nc3 Bb7 12. Re1 Nxd4 13. Bxd4 d5 14. Bxg7
Kxg7 15. exd5 Nxd5 16. Nxd5 Qxd5 17. Qxd5 Bxd5 18. Re7 Be6 19. h3 Kf6 20. Rc7
Rfc8 21. Rac1 Rxc7 22. Rxc7 Bxa2 23. Bc6 Rd8 24. Rxa7 Rd1+ 25. Kh2 Be6 26. Rb7
Rd2 27. Rxb6 Rxf2 28. b4 Rb2 29. b5 Ke5 30. Rb7 Kd6 31. Bf3 Rb4 32. Rb8 Kc5 33.
Bc6 Bd5 34. Rb7 Rf4 35. Bxd5 Kxd5 36. Rc7 Ke6 37. b6 Rb4 38. b7 h5 39. Kg3 h4+
40. Kf3 Rb3+ 41. Kg4 Rb4+ 42. Kg5 Kd6 43. Rxf7 Kc6 44. Kxg6 Rb2 45. Kh5 Rb4 46.
Rg7 Rxb7 47. Rxb7 Kxb7 48. Kxh4 Kc7 49. g4 Kd7 50. Kh5 Ke7 51. Kg6 Kf8 52. Kh7
Kf7 53. g5 Ke6 54. g6 Kf5 55. g7 Kg5 56. g8=Q+ Kh5 57. Qg6+ Kh4 58. Qg4# 1-0

[Event "Titled Tue 10th Jun Early"]
[Site "chess.com INT"]
[Date "2025.06.10"]
[Round "8"]
[White "Novosel, Lovro"]
[Black "Arun, Siddharth"]
[Result "1/2-1/2"]
[WhiteTitle "FM"]
[WhiteElo "2338"]
[BlackElo "1978"]
[WhiteFideId "14547120"]
[BlackFideId "2079178"]
[EventDate "2025.06.10"]

1. c4 c6 2. Nf3 d5 3. e3 e6 4. b3 f5 5. Bb2 Nf6 6. d3 Bd6 7. Be2 O-O 8. O-O Re8
9. Nbd2 e5 10. Rc1 b6 11. cxd5 cxd5 12. Rc2 Ba6 13. d4 Bxe2 14. Qxe2 e4 15. Ne5
Bxe5 16. dxe5 Ng4 17. Rfc1 Nd7 18. Qb5 Ndxe5 19. h3 Nf6 20. Nf1 Nd3 21. Bxf6
Qxf6 22. Qxd5+ Kh8 23. Qxa8 Rxa8 24. Rc8+ Qf8 25. Rxf8+ Rxf8 26. Rc7 a5 27. Rb7
Nc1 28. Rxb6 Nxa2 29. Ra6 Nc1 30. Nd2 g6 31. Rxa5 Rd8 32. Nc4 Nxb3 33. Ra7 Rd1+
34. Kh2 Nd2 35. Nxd2 Rxd2 36. Kg3 g5 37. Rf7 Rd5 38. h4 h6 39. h5 Kg8 40. Ra7
Rd2 41. Ra5 f4+ 42. exf4 gxf4+ 43. Kxf4 Rxf2+ 44. Kg3 Re2 45. Re5 Kg7 46. Re6
Re3+ 47. Kf4 Re2 48. g3 Rh2 49. g4 Rg2 50. Rxe4 Kf6 51. Ra4 Rf2+ 52. Ke3 Rh2 53.
Kf3 Kg5 54. Ra5+ Kh4 55. Ra6 Ra2 56. Rxh6 Ra3+ 57. Kf4 Ra4+ 58. Kf5 Rxg4 59. Rh8
Rg5+ 60. Kf6 Rxh5 61. Rxh5+ Kxh5 1/2-1/2

[Event "Titled Tue 10th Jun Early"]
[Site "chess.com INT"]
[Date "2025.06.10"]
[Round "8"]
[White "Weerasekara, Dishal Nimsara"]
[Black "Zhauynbay, Alimzhan"]
[Result "0-1"]
[WhiteTitle "FM"]
[BlackTitle "CM"]
[WhiteElo "2125"]
[BlackElo "2133"]
[WhiteFideId "9997431"]
[BlackFideId "13782657"]
[EventDate "2025.06.10"]

1. c4 Nf6 2. Nc3 g6 3. g3 Bg7 4. Bg2 O-O 5. e3 d6 6. Nge2 e5 7. O-O c6 8. d3 d5
9. b4 Re8 10. Qc2 Bf5 11. e4 dxe4 12. dxe4 Be6 13. Rd1 Qc7 14. c5 Nbd7 15. f4
Rad8 16. f5 Bc4 17. h3 a5 18. a3 b6 19. Be3 b5 20. g4 axb4 21. axb4 Ra8 22. g5
Nh5 23. f6 Bf8 24. Bf3 Nf4 25. Bg4 Rxa1 26. Rxa1 h5 27. Bxf4 exf4 28. Bxd7 Qxd7
29. Nxf4 Re5 30. Rd1 Rxg5+ 31. Kh1 Qc7 32. Qf2 Qe5 33. Nfe2 Bxe2 34. Nxe2 Qxe4+
35. Kh2 Qxb4 36. Rd8 Rf5 37. Qd4 Qxc5 38. Qd7 Rxf6 39. Qe8 Re6 0-1

[Event "Titled Tue 10th Jun Early"]
[Site "chess.com INT"]
[Date "2025.06.10"]
[Round "8"]
[White "El Zein, Zayne-Eddine"]
[Black "Komov, Roman"]
[Result "0-1"]
[WhiteTitle "CM"]
[BlackTitle "FM"]
[WhiteElo "2194"]
[BlackElo "2239"]
[WhiteFideId "5313210"]
[BlackFideId "24175714"]
[EventDate "2025.06.10"]

1. f4 c5 2. Nf3 Nc6 3. e3 h5 4. b3 Nh6 5. Bb2 d5 6. Bb5 f6 7. h3 Nf5 8. Nc3 Ng3
9. Rg1 d4 10. exd4 cxd4 11. Ne2 h4 12. Nxg3 hxg3 13. Qe2 Bd7 14. Nxd4 Nxd4 15.
Bxd4 a6 16. Bd3 Bc6 17. Bg6+ Kd7 18. Bf5+ Kc7 19. Qe3 Qd5 20. Bb6+ Kb8 21. Be6
Qd6 22. c4 g5 23. fxg5 fxg5 24. Bd4 Rh6 25. Be5 Rxe6 26. Bxd6+ Rxd6 27. Qxg3 Ka7
28. Qf2+ b6 29. d4 Rad8 30. d5 Bb7 31. O-O-O e6 32. dxe6 Rxd1+ 33. Rxd1 Ba3+ 34.
Kc2 Be4+ 35. Kc3 Rxd1 36. Qf7+ Kb8 37. Qg8+ Kc7 38. Qf7+ Kb8 39. Qg8+ Kc7 40.
Qf7+ Kc8 41. b4 Rd3+ 42. Kc2 Rf3+ 43. Kd2 Rxf7 44. exf7 Bxb4+ 45. Ke3 Bg6 46. g4
Bxf7 47. Kd4 Kd7 48. Ke5 Bxc4 49. Kf5 Be7 50. Kg6 Bxa2 51. Kh5 Ke6 52. Kg6 Bb1+
53. Kh6 Kf6 54. h4 Bf8+ 55. Kh5 Bg6# 0-1

[Event "Titled Tue 10th Jun Early"]
[Site "chess.com INT"]
[Date "2025.06.10"]
[Round "8"]
[White "Khadour, Ismael"]
[Black "Marynychenko, Yehor"]
[Result "0-1"]
[WhiteTitle "FM"]
[BlackTitle "CM"]
[WhiteElo "1992"]
[BlackElo "2183"]
[WhiteFideId "7601930"]
[BlackFideId "34160558"]
[EventDate "2025.06.10"]

1. e4 c5 2. Nf3 Nc6 3. d4 cxd4 4. Nxd4 Nf6 5. Nc3 e6 6. Be3 Bb4 7. f3 d5 8. Nxc6
bxc6 9. exd5 cxd5 10. Bb5+ Bd7 11. Bxd7+ Qxd7 12. Qd4 Bxc3+ 13. Qxc3 O-O 14. O-O
Rac8 15. Qd2 Rc7 16. c3 Rfc8 17. Rad1 Rb7 18. Bd4 Ne8 19. f4 f5 20. Rf3 Nd6 21.
Qe2 Ne4 22. Rh3 h6 23. g4 fxg4 24. Qxg4 Rxb2 25. Rxh6 Nxc3 26. Rg6 Ne2+ 27. Kh1
Nxd4 28. Rxd4 Rc1+ 29. Rd1 Rxd1+ 30. Qxd1 Qb7 31. Qd4 Rxa2 32. h4 Qb1+ 33. Rg1
Qe4+ 34. Qxe4 dxe4 35. Re1 Ra4 36. Rg1 e3 37. Re1 Rxf4 38. Rxe3 Rxh4+ 39. Kg2
Kf7 40. Ra3 Rg4+ 41. Kf3 Rh4 42. Rxa7+ Kf6 43. Kg3 Rb4 44. Ra8 Rb7 45. Rf8+ Rf7
46. Ra8 Kg5 47. Ra7 Rxa7 0-1